El compromiso de la fotografía : (Record no. 197932)

MARC details
000 -LEADER
campo de control de longitud fija 01475nam a2200385 i 4500
001 - NÚMERO DE CONTROL
campo de control 197932
003 - IDENTIFICADOR DE NÚMERO DE CONTROL
campo de control ES-MaACL
005 - FECHA Y HORA DE LA ÚLTIMA TRANSACCIÓN
campo de control 20251217063026.0
008 - DATOS DE LONGITUD FIJA--INFORMACIÓN GENERAL
campo de control de longitud fija 251105s2021 sp a | |||| 001 0 spa
017 ## - NÚMERO DE COPYRIGHT O DE DEPÓSITO LEGAL
Número de copyright o de depósito legal B 14916-2021
Agencia que asigna Oficina Depósito Legal Barcelona
020 ## - NÚMERO INTERNACIONAL ESTÁNDAR DEL LIBRO
Número Internacional Estándar del Libro 978-84-123623-5-0
040 ## - FUENTE DE CATALOGACIÓN
Centro catalogador/agencia de origen ES-MaACL
Lengua de catalogación spa
Centro/agencia transcriptor ES-MaACL
Normas de descripción rda
080 ## - NÚMERO DE LA CLASIFICACIÓN DECIMAL UNIVERSAL
Número de la Clasificación Decimal Universal 77.044
080 ## - NÚMERO DE LA CLASIFICACIÓN DECIMAL UNIVERSAL
Número de la Clasificación Decimal Universal 316.74:77
100 1# - ENTRADA PRINCIPAL--NOMBRE DE PERSONA
Nombre de persona Surinyach, Anna
Fechas asociadas al nombre 1985-
Relación aut
9 (RLIN) 242474
Término indicativo de función/relación Autor
245 13 - MENCIÓN DEL TÍTULO
Título El compromiso de la fotografía :
Mención de responsabilidad, etc. conversación entre Anna Surinyach y Juan Carlos Tomasi ; ilustraciones de Cinta Fosch
250 ## - MENCION DE EDICION
Mención de edición Primera edición: septiembre de 2021
264 #1 - PRODUCCIÓN, PUBLICACIÓN, DISTRIBUCIÓN, FABRICACIÓN Y COPYRIGHT
Producción, publicación, distribución, fabricación y copyright [Barcelona]
Nombre del de productor, editor, distribuidor, fabricante 5W,
Fecha de producción, publicación, distribución, fabricación o copyright [2021]
300 ## - DESCRIPCIÓN FÍSICA
Extensión 141 páginas :
Otras características físicas ilustraciones (color) ;
Dimensiones 16 cm
336 ## - TIPO DE CONTENIDO
Término de tipo de contenido Texto
Fuente rdacontent
337 ## - TIPO DE MEDIO
Nombre/término del tipo de medio sin mediación
Fuente rdamedia
338 ## - TIPO DE SOPORTE
Nombre/término del tipo de soporte volumen
Fuente rdacarrier
490 0# - MENCIÓN DE SERIE
Mención de serie Voces 5W ;
Designación de volumen o secuencia nº 6
500 ## - NOTA GENERAL
Nota general Índice
650 #4 - PUNTO DE ACCESO ADICIONAL DE MATERIA--TÉRMINO DE MATERIA
Término de materia o nombre geográfico como elemento de entrada Fotografía periodística
9 (RLIN) 235387
650 #4 - PUNTO DE ACCESO ADICIONAL DE MATERIA--TÉRMINO DE MATERIA
Término de materia o nombre geográfico como elemento de entrada Fotografía
Subdivisión general Aspectos sociales
9 (RLIN) 12944
655 #4 - TERMINO DE INDIZACIÓN--GENERO/FORMA
Datos o término principal de género/forma Conversaciones
9 (RLIN) 237597
700 1# - ENTRADA AGREGADA--NOMBRE PERSONAL
Nombre de persona Tomasi, Juan Carlos
Fechas asociadas al nombre 1959-
Relación aut
9 (RLIN) 242475
Término indicativo de función/relación Autor
700 1# - ENTRADA AGREGADA--NOMBRE PERSONAL
Nombre de persona Fosch, Cinta
Fechas asociadas al nombre 1986-
Relación ill
9 (RLIN) 242476
Término indicativo de función/relación Ilustrador
852 ## - LOCALIZACIÓN
Ubicación ES-MaACL
Ubicación en estantería Depósito 1
Número de control de estantería A-15892
Donativo/Legado Donación: José Lázaro García
Encuadernación Encuadernación rústica con solapas
itemnumber 206990
942 ## - ELEMENTOS DE ENTRADA SECUNDARIOS (KOHA)
Tipo de ítem Koha Libro impreso
Suprimir en OPAC No
Holdings
Estatus retirado Estado de pérdida Fuente del sistema de clasificación o colocación Estado de daño No para préstamo Biblioteca de origen Biblioteca actual Ubicación en estantería Fecha de adquisición Fuente de adquisición Total de préstamos Signatura topográfica completa Código de barras Visto por última vez Precio de reemplazo Tipo de ítem Koha
    Clasificación decimal universal     Biblioteca del Ateneo de Madrid Biblioteca del Ateneo de Madrid Depósito 1 05/11/2025 Donación   A-15892 2025-1355 15/12/2025 15/12/2025 Libro impreso